000 00373pab a2200145 454500
008 180718b1990 xxu||||| |||| 00| 0 eng d
100 _aSubrahmanyam, D.
245 _aIssues of Urban poverty
_bA comment
260 _c1990
300 _a70-9
362 _aSept.
650 _aPoverty - India
773 _aJournal of the Institute of Town Planners India
909 _a15884
999 _c15884
_d15884